000 00366nam a2200133Ia 4500
005 20260328104302.0
008 260328s9999||||xx |||||||||||||| ||und||
100 _aSan Pedro
245 0 _aClaver y Cartagena :
_b apuntes sobre la Vida y la Obra de San Pedro Claver S.J /
_cSan Pedro
260 _bCartagena
300 _a99 p.
650 _aCARTAGENA
942 _cBK
999 _c10618
_d10618